[Event "Florianopolis op 6th"]
[Site "Florianopolis"]
[Date "2020.01.22"]
[Round "4"]
[White "Heinechen, John"]
[Black "Durante, Taina Seidel"]
[Result "1-0"]
[WhiteElo "1974"]
[BlackElo "1752"]
[PlyCount "59"]
[EventDate "2020.01.20"]
[EventType "swiss"]
[EventRounds "10"]
[EventCountry "BRA"]
[SourceTitle "CBM 194 Extra"]
[Source "ChessBase"]
[SourceDate "2020.03.31"]
[SourceVersion "1"]
[SourceVersionDate "2020.03.31"]
[SourceQuality "1"]

1. e4 c5 2. Nc3 d6 3. f4 e6 4. Nf3 a6 5. g3 Nf6 6. Bg2 Be7 7. 0-0 Nc6 8. d3 Qc7 9. h3 b5 10. Be3 d5 11. e5 Ng8 12. Bf2 h5 13. f5 Nxe5 14. Nxe5 Qxe5 15. fxe6 fxe6 16. d4 cxd4 17. Bxd4 Qxg3 18. Ne2 Qg5 19. Qd3 Bf6 20. Be3 Qe5 21. Qg6+ Kd8 22. Bb6+ Ke7 23. Rac1 Rh6 24. Qd3 Qd6 25. Be3 Rh8 26. Nf4 Kd8 27. b4 Ne7 28. Bc5 Qc7 29. Rf3 g5 30. Nxe6+ 1-0

[Event "Rio de Janeiro Duchamp op 3rd"]
[Site "Rio de Janeiro"]
[Date "2019.12.08"]
[Round "3"]
[White "Senger, Maria Clara da Silv"]
[Black "Durante, Taina Seidel"]
[Result "1/2-1/2"]
[WhiteElo "1192"]
[BlackElo "1759"]
[PlyCount "42"]
[EventDate "2019.12.07"]
[EventType "swiss"]
[EventRounds "9"]
[EventCountry "BRA"]
[SourceTitle "EXT 2021"]
[Source "ChessBase"]
[SourceDate "2020.10.23"]
[SourceVersion "1"]
[SourceVersionDate "2020.10.23"]
[SourceQuality "1"]

1. e4 c5 2. Nf3 d6 3. d4 cxd4 4. Nxd4 Nf6 5. Nc3 a6 6. Be3 e5 7. Nb3 Be6 8. f3 Nbd7 9. Qd2 Qc7 10. g4 Nb6 11. g5 Nfd7 12. 0-0-0 Rc8 13. Kb1 Nc4 14. Bxc4 Bxc4 15. h4 b5 16. Rc1 Nb6 17. Bxb6 Qxb6 18. Nd5 Bxd5 19. Qxd5 Be7 20. Rcg1 Qc6 21. Qxc6+ Rxc6 1/2-1/2

[Event "Concordia op 5th"]
[Site "Concordia"]
[Date "2019.05.05"]
[Round "9"]
[White "Silva, Richard Santana"]
[Black "Durante, Taina Seidel"]
[Result "1/2-1/2"]
[WhiteElo "1459"]
[BlackElo "1747"]
[PlyCount "37"]
[EventDate "2019.05.01"]
[EventType "swiss"]
[EventRounds "9"]
[EventCountry "BRA"]
[SourceTitle "CBM 190 Extra"]
[Source "ChessBase"]
[SourceDate "2019.07.15"]
[SourceVersion "1"]
[SourceVersionDate "2019.07.15"]
[SourceQuality "1"]

1. c4 e5 2. g3 Nc6 3. Bg2 g6 4. e4 Bg7 5. Ne2 d6 6. Nbc3 Be6 7. d3 Qd7 8. Be3 Bh3 9. 0-0 h5 10. Bxh3 Qxh3 11. Kh1 h4 12. Ng1 Qd7 13. Nd5 Nf6 14. Nxf6+ Bxf6 15. g4 Bg7 16. h3 f5 17. f3 Bf6 18. Ne2 Nd8 19. Rb1 1/2-1/2

[Event "BRA-ch U26 (Women)"]
[Site "Brasilia"]
[Date "2019.04.26"]
[Round "7"]
[White "Durante, Taina Seidel"]
[Black "Campagnolo, Fabiola"]
[Result "0-1"]
[WhiteElo "1800"]
[BlackElo "1809"]
[PlyCount "48"]
[EventDate "2019.04.23"]
[EventType "swiss"]
[EventRounds "7"]
[EventCountry "BRA"]
[SourceTitle "CBM 190 Extra"]
[Source "ChessBase"]
[SourceDate "2019.07.15"]
[SourceVersion "1"]
[SourceVersionDate "2019.07.15"]
[SourceQuality "1"]

1. e4 c5 2. Nc3 e6 3. g3 d5 4. d3 Nc6 5. Bg2 Nge7 6. f4 g6 7. Nf3 Bg7 8. 0-0 b6 9. exd5 exd5 10. Re1 0-0 11. Ne5 Be6 12. Nxc6 Nxc6 13. g4 Bd4+ 14. Kh1 Qh4 15. Nxd5 Bxg4 16. Qd2 Bf2 17. Rf1 Bg3 18. Nf6+ Qxf6 19. hxg3 Rac8 20. Bf3 Bxf3+ 21. Rxf3 Nd4 22. Rf2 Qc6+ 23. Kg1 Nf3+ 24. Rxf3 Qxf3 0-1

[Event "BRA-ch U26 (Women)"]
[Site "Brasilia"]
[Date "2019.04.25"]
[Round "4"]
[White "Dull, Amanda Paul"]
[Black "Durante, Taina Seidel"]
[Result "0-1"]
[WhiteElo "1859"]
[BlackElo "1800"]
[PlyCount "178"]
[EventDate "2019.04.23"]
[EventType "swiss"]
[EventRounds "7"]
[EventCountry "BRA"]
[SourceTitle "CBM 190 Extra"]
[Source "ChessBase"]
[SourceDate "2019.07.15"]
[SourceVersion "1"]
[SourceVersionDate "2019.07.15"]
[SourceQuality "1"]

1. d4 d5 2. Bf4 Nf6 3. e3 e6 4. Nd2 Bd6 5. Bg3 0-0 6. Bd3 c5 7. c3 Qc7 8. Ngf3 Nbd7 9. Qe2 b6 10. a4 Bb7 11. Bxd6 Qxd6 12. a5 e5 13. dxe5 Nxe5 14. Nxe5 Qxe5 15. Nf3 Qd6 16. 0-0 Rfe8 17. Rfd1 Qe7 18. h3 Bc6 19. Qc2 b5 20. Be2 a6 21. b4 c4 22. Nd4 Bb7 23. Bf3 Rad8 24. Re1 g6 25. Rad1 Nd7 26. Qd2 Ne5 27. Be2 Nd7 28. Rc1 f5 29. Bf1 Nf6 30. f3 Qe5 31. Qf2 Rd7 32. Re2 Rde7 33. Rd1 Nh5 34. f4 Qd6 35. g4 fxg4 36. hxg4 Nf6 37. Qf3 Bc8 38. Bh3 Ne4 39. Rc1 Rf8 40. Rcc2 Qc7 41. Rg2 Rg7 42. Rh2 Rff7 43. Rhg2 Qd6 44. Ne2 Ng5 45. Qg3 Ne4 46. Qe1 Qe7 47. Rh2 Nf6 48. Qg3 Ne4 49. Qf3 Ng5 50. Qg3 Ne4 51. Qg2 Nf6 52. g5 Qxe3+ 53. Kh1 Nd7 54. Qxd5 Qd3 55. Rd2 Qxd5+ 56. Rxd5 Bb7 57. Bg2 Re7 58. Rd2 Bxg2+ 59. Rxg2 Re6 60. Rg3 Rge7 61. Nd4 Rd6 62. Rg1 Re3 63. Rc2 Nb8 64. f5 Rh3+ 65. Kg2 Rh5 66. Kf1 gxf5 67. Nxf5 Rd7 68. Nh6+ Kg7 69. Rf2 Rd1+ 70. Kg2 Rxg5+ 71. Kh2 Rdxg1 72. Nf5+ Kh8 73. Nh6 Kg7 74. Nf5+ Rxf5 75. Rxf5 Rg6 76. Rd5 Nc6 77. Rd7+ Kh6 78. Rb7 Ne5 79. Kh3 Nf3 80. Re7 Nd2 81. Re2 Nb1 82. Re3 Kg7 83. Re7+ Kf6 84. Re3 Kf5 85. Re8 Nxc3 86. Rf8+ Ke4 87. Rf7 Na2 88. Rxh7 Nxb4 89. Rc7 Nc6 0-1

[Event "BRA-ch U26 (Women)"]
[Site "Brasilia"]
[Date "2019.04.24"]
[Round "2"]
[White "Carvalho, Aristea Ribeiro"]
[Black "Durante, Taina Seidel"]
[Result "0-1"]
[WhiteElo "1800"]
[BlackElo "1800"]
[PlyCount "110"]
[EventDate "2019.04.23"]
[EventType "swiss"]
[EventRounds "7"]
[EventCountry "BRA"]
[SourceTitle "CBM 190 Extra"]
[Source "ChessBase"]
[SourceDate "2019.07.15"]
[SourceVersion "1"]
[SourceVersionDate "2019.07.15"]
[SourceQuality "1"]

1. d4 Nf6 2. Nf3 g6 3. g3 Bg7 4. Bg2 d6 5. 0-0 0-0 6. Bd2 Nbd7 7. a3 e5 8. c3 Re8 9. b4 e4 10. Ne1 Nb6 11. Nc2 Bd7 12. Ne3 Ba4 13. Qc1 d5 14. c4 dxc4 15. Nxc4 Qxd4 16. Nxb6 Qxb6 17. Nc3 Bd7 18. Rd1 Bf5 19. Be3 Qc6 20. Qc2 Ng4 21. Rac1 Nxe3 22. fxe3 Qxc3 23. Qxc3 Bxc3 24. Rxc3 c6 25. h3 h5 26. a4 Rad8 27. Rxd8 Rxd8 28. Rc4 Re8 29. b5 cxb5 30. axb5 Bd7 31. Rb4 f5 32. g4 hxg4 33. hxg4 Kf7 34. gxf5 gxf5 35. Kf2 Re5 36. Kg3 Rxb5 37. Rd4 Ke6 38. Kf4 Rd5 39. Bh3 Rxd4 40. exd4 Kd5 41. e3 a5 42. Bxf5 Bxf5 43. Kxf5 a4 44. Kf6 a3 45. Ke7 a2 46. Kd7 a1Q 47. Kc7 Qa6 48. Kd7 Qc6+ 49. Ke7 Qd6+ 50. Kf7 Qe6+ 51. Kf8 Qd7 52. Kg8 Qe7 53. Kh8 Ke6 54. d5+ Kf6 55. d6 Qg7# 0-1

[Event "Florianopolis op 5th"]
[Site "Florianopolis"]
[Date "2019.01.22"]
[Round "2"]
[White "Carvalho, Isis"]
[Black "Durante, Taina Seidel"]
[Result "0-1"]
[WhiteElo "1396"]
[BlackElo "1723"]
[PlyCount "78"]
[EventDate "2019.01.21"]
[EventType "swiss"]
[EventRounds "10"]
[EventCountry "BRA"]
[SourceTitle "CBM 188 Extra"]
[Source "ChessBase"]
[SourceDate "2019.02.26"]
[SourceVersion "1"]
[SourceVersionDate "2019.02.26"]
[SourceQuality "1"]

1. Nf3 d5 2. g3 Nc6 3. Bg2 Bg4 4. 0-0 Qd7 5. d3 0-0-0 6. c3 h5 7. b4 f6 8. a4 Bh3 9. a5 h4 10. b5 hxg3 11. fxg3 Nb8 12. Qb3 e5 13. Rd1 Bxg2 14. Kxg2 Qh3+ 15. Kg1 g5 16. b6 cxb6 17. axb6 Bc5+ 18. d4 Bxb6 19. Be3 e4 20. Nbd2 exf3 21. Nxf3 Nh6 22. Rdb1 Rd7 23. c4 Ng4 24. Bf2 Nxh2 25. Nxh2 Qxh2+ 26. Kf1 Qh1+ 27. Bg1 Bxd4 28. e3 Qf3+ 29. Ke1 Bxa1 30. cxd5 Qxd5 31. Rc1+ Nc6 32. Qa3 Qd2+ 33. Kf1 Bb2 34. Rxc6+ bxc6 35. Qb3 Qc1+ 36. Kg2 Rd2+ 37. Kf3 Qf1+ 38. Ke4 Re8+ 39. Qe6+ Rxe6# 0-1

[Event "Florianopolis op 5th"]
[Site "Florianopolis"]
[Date "2019.01.21"]
[Round "1"]
[White "Durante, Taina Seidel"]
[Black "Menna Barreto, Luiz Ney"]
[Result "0-1"]
[WhiteElo "1723"]
[BlackElo "2327"]
[PlyCount "53"]
[EventDate "2019.01.21"]
[EventType "swiss"]
[EventRounds "10"]
[EventCountry "BRA"]
[SourceTitle "CBM 188 Extra"]
[Source "ChessBase"]
[SourceDate "2019.02.26"]
[SourceVersion "1"]
[SourceVersionDate "2019.02.26"]
[SourceQuality "1"]

1. e4 c6 2. Nc3 d5 3. Nf3 Bg4 4. h3 Bh5 5. exd5 cxd5 6. g4 Bg6 7. Bb5+ Nc6 8. Ne5 Rc8 9. d4 e6 10. h4 f6 11. Nxg6 hxg6 12. Qd3 g5 13. h5 Bd6 14. Bd2 Nh6 15. 0-0-0 0-0 16. f3 a6 17. Ba4 b5 18. Bb3 Na5 19. Rde1 Nxb3+ 20. axb3 Qd7 21. Re2 Rce8 22. Rhe1 Bg3 23. Rg1 Qc7 24. Qg6 Bf4 25. Nxd5 Bxd2+ 26. Kxd2 Qd7 27. Nc3 0-1

[Event "Caioba Telecom op"]
[Site "Caioba"]
[Date "2018.08.04"]
[Round "7"]
[White "Ribeiro, Gilnei Guedes"]
[Black "Durante, Taina Seidel"]
[Result "1/2-1/2"]
[WhiteElo "1426"]
[BlackElo "1717"]
[PlyCount "80"]
[EventDate "2018.08.01"]
[EventType "swiss"]
[EventRounds "9"]
[EventCountry "BRA"]
[SourceTitle "CBM 186 Extra"]
[Source "ChessBase"]
[SourceDate "2018.08.24"]
[SourceVersion "1"]
[SourceVersionDate "2018.08.24"]
[SourceQuality "1"]

1. d4 d5 2. Bf4 e6 3. e3 Nf6 4. Nf3 Bd6 5. Bg3 0-0 6. Bd3 Ne4 7. Nbd2 f5 8. Ne5 Nd7 9. f4 Qe8 10. Nxe4 fxe4 11. Be2 Nf6 12. Bf2 Qa4 13. c3 Qxd1+ 14. Kxd1 c5 15. g4 Nd7 16. Bh4 Nb6 17. b3 cxd4 18. cxd4 Bxe5 19. fxe5 Bd7 20. Kd2 Rac8 21. Bg5 Be8 22. Bf4 Rf7 23. h4 Rfc7 24. Rac1 Rxc1 25. Rxc1 Rxc1 26. Kxc1 Kf7 27. Kd2 Na8 28. a4 Nc7 29. Kc3 Ke7 30. Bd1 Kd7 31. b4 a6 32. Kd2 Ke7 33. Ke1 Na8 34. Bg5+ Kd7 35. Kd2 Nb6 36. Bb3 h6 37. Bf4 Kc7 38. a5 Na4 39. Bd1 Nb2 40. Bc2 Kc6 1/2-1/2

[Event "Caioba Telecom op"]
[Site "Caioba"]
[Date "2018.08.01"]
[Round "1"]
[White "Carneiro, Vitor Roberto Castr"]
[Black "Durante, Taina Seidel"]
[Result "1-0"]
[WhiteElo "2429"]
[BlackElo "1717"]
[PlyCount "69"]
[EventDate "2018.08.01"]
[EventType "swiss"]
[EventRounds "9"]
[EventCountry "BRA"]
[SourceTitle "CBM 186 Extra"]
[Source "ChessBase"]
[SourceDate "2018.08.24"]
[SourceVersion "1"]
[SourceVersionDate "2018.08.24"]
[SourceQuality "1"]

1. d4 d5 2. Bf4 e6 3. e3 Nf6 4. c3 Bd6 5. Bg3 0-0 6. Nd2 Nbd7 7. Ngf3 Qe7 8. Ne5 c5 9. Bd3 Rd8 10. f4 Nf8 11. Bh4 Ng6 12. Bg5 Qc7 13. 0-0 Be7 14. Bxg6 fxg6 15. Qe1 a6 16. Rf3 Bd7 17. Qh4 Be8 18. Rh3 h5 19. Qe1 b5 20. Qb1 cxd4 21. exd4 b4 22. Nxg6 bxc3 23. Rxc3 Qa7 24. Nxe7+ Qxe7 25. Rg3 Kf8 26. Nf3 Ra7 27. Ne5 Qb4 28. Nf3 Rb8 29. Bxf6 gxf6 30. b3 a5 31. Qc1 Qb6 32. f5 Rh7 33. fxe6 Qxe6 34. Qf4 Rc8 35. Ng5 1-0

[Event "BRA-ch Universities (Women)"]
[Site "Vitoria"]
[Date "2018.06.08"]
[Round "4"]
[White "Durante, Taina Seidel"]
[Black "Dull, Amanda Paul"]
[Result "0-1"]
[WhiteElo "1703"]
[BlackElo "1828"]
[PlyCount "88"]
[EventDate "2018.06.06"]
[EventType "swiss"]
[EventRounds "7"]
[EventCountry "BRA"]
[SourceTitle "EXT 2019"]
[Source "ChessBase"]
[SourceDate "2018.10.10"]
[SourceVersion "1"]
[SourceVersionDate "2018.10.10"]
[SourceQuality "1"]

1. e4 e5 2. Nf3 Nf6 3. Nxe5 d6 4. Nf3 Nxe4 5. Nc3 Nxc3 6. dxc3 Be7 7. Bd3 Nc6 8. Be3 Bd7 9. Qd2 0-0 10. 0-0-0 Be6 11. Kb1 a6 12. Ng5 Bxg5 13. Bxg5 Qd7 14. Qe2 Ne5 15. Qe4 Nxd3 16. cxd3 Rfe8 17. Qh4 f6 18. Bc1 Qf7 19. c4 b5 20. b3 Rab8 21. Rhe1 bxc4 22. dxc4 a5 23. Kb2 a4 24. Re3 axb3 25. axb3 d5 26. c5 d4 27. Rxd4 Rxb3+ 28. Rxb3 Bxb3 29. Re4 Ra8 30. Kc3 Ba2 31. Rb4 Qe7 32. Qd4 Rd8 33. Qe3 Qf7 34. g3 Be6 35. Re4 Bf5 36. Rd4 Re8 37. Qd2 Qe6 38. h4 Qc6 39. Ba3 Qf3+ 40. Rd3 Bxd3 41. Qxd3 Qxf2 42. Qd5+ Kh8 43. Qf7 Qxg3+ 44. Kc4 Rb8 0-1

[Event "BRA-ch Universities (Women)"]
[Site "Vitoria"]
[Date "2018.06.07"]
[Round "3"]
[White "Medeiros, Thauane Ferreira"]
[Black "Durante, Taina Seidel"]
[Result "1-0"]
[WhiteElo "2016"]
[BlackElo "1703"]
[PlyCount "95"]
[EventDate "2018.06.06"]
[EventType "swiss"]
[EventRounds "7"]
[EventCountry "BRA"]
[SourceTitle "EXT 2019"]
[Source "ChessBase"]
[SourceDate "2018.10.10"]
[SourceVersion "1"]
[SourceVersionDate "2018.10.10"]
[SourceQuality "1"]

1. d4 d5 2. Bg5 c6 3. c3 Qb6 4. Qb3 Qxb3 5. axb3 Bf5 6. Nd2 Nd7 7. Ngf3 Ngf6 8. b4 e6 9. Bxf6 Nxf6 10. e3 Bd6 11. Be2 0-0 12. 0-0 Nd7 13. Ra2 a6 14. Nb3 Rfe8 15. Nc5 Bxc5 16. bxc5 e5 17. h3 Be6 18. Ra3 e4 19. Nd2 f5 20. Nb3 Nf6 21. Na5 Ra7 22. Rb3 Bc8 23. c4 Kh8 24. cxd5 Nxd5 25. Nc4 Be6 26. Nd6 Re7 27. Bc4 g6 28. Bxd5 Bxd5 29. Rb4 Be6 30. Ra1 Rc7 31. Rb6 Kg8 32. b4 Kf8 33. Ra5 Ke7 34. b5 cxb5 35. Nxb5 axb5 36. Rxa7 Bd5 37. Rxb5 Kf7 38. Rb6 Bc6 39. Kf1 g5 40. Ke2 f4 41. Kd2 h5 42. Kc3 f3 43. gxf3 exf3 44. Rb4 g4 45. hxg4 hxg4 46. d5 g3 47. dxc6 gxf2 48. Rb1 1-0

[Event "Brazil Foz do Iguacu op"]
[Site "Foz do Iguacu"]
[Date "2018.05.20"]
[Round "9"]
[White "Durante, Taina Seidel"]
[Black "Franca, Jairo Jr"]
[Result "1-0"]
[WhiteElo "1681"]
[BlackElo "1917"]
[PlyCount "37"]
[EventDate "2018.05.16"]
[EventType "swiss"]
[EventRounds "9"]
[EventCountry "BRA"]
[SourceTitle "EXT 2019"]
[Source "ChessBase"]
[SourceDate "2018.10.10"]
[SourceVersion "1"]
[SourceVersionDate "2018.10.10"]
[SourceQuality "1"]

1. e4 c5 2. c3 e6 3. g3 Nc6 4. Bg2 g6 5. d3 Bg7 6. Be3 d6 7. Nd2 Nf6 8. h3 Bd7 9. f4 Rb8 10. Ngf3 0-0 11. g4 Qa5 12. Nh4 Nd4 13. 0-0 Bc6 14. f5 exf5 15. gxf5 Rbe8 16. Bh6 Qd8 17. Bg5 Qd7 18. Rf2 d5 19. Rc1 1-0

[Event "Brazil Foz do Iguacu op"]
[Site "Foz do Iguacu"]
[Date "2018.05.17"]
[Round "4"]
[White "Predebon, Eduardo Angonesi"]
[Black "Durante, Taina Seidel"]
[Result "0-1"]
[WhiteElo "1848"]
[BlackElo "1681"]
[PlyCount "50"]
[EventDate "2018.05.16"]
[EventType "swiss"]
[EventRounds "9"]
[EventCountry "BRA"]
[SourceTitle "CBM 184 Extra"]
[Source "ChessBase"]
[SourceDate "2018.06.28"]
[SourceVersion "1"]
[SourceVersionDate "2018.06.28"]
[SourceQuality "1"]

1. e4 c5 2. Nf3 d6 3. d4 cxd4 4. Nxd4 Nf6 5. Nc3 a6 6. Bg5 e6 7. f4 Qc7 8. Qf3 b5 9. Bxf6 gxf6 10. f5 e5 11. Nd5 Qa5+ 12. Kf2 exd4 13. Nxf6+ Kd8 14. Rd1 Bb7 15. Qh5 Qc7 16. Nxh7 Qxc2+ 17. Be2 Qxe4 18. Bf3 Qe3+ 19. Kf1 Bxf3 20. gxf3 Rxh7 21. Qxh7 Qxf3+ 22. Ke1 Qxh1+ 23. Kd2 Qg2+ 24. Kc1 Nd7 25. Qh4+ f6 0-1

[Event "Brazil Foz do Iguacu op"]
[Site "Foz do Iguacu"]
[Date "2018.05.16"]
[Round "2"]
[White "Deus Filho, Joaquim"]
[Black "Durante, Taina Seidel"]
[Result "1-0"]
[WhiteElo "1925"]
[BlackElo "1681"]
[PlyCount "59"]
[EventDate "2018.05.16"]
[EventType "swiss"]
[EventRounds "9"]
[EventCountry "BRA"]
[SourceTitle "CBM 184 Extra"]
[Source "ChessBase"]
[SourceDate "2018.06.28"]
[SourceVersion "1"]
[SourceVersionDate "2018.06.28"]
[SourceQuality "1"]

1. f4 d5 2. b3 Nf6 3. e3 e6 4. Bb2 c5 5. Nf3 Nc6 6. Bb5 Bd7 7. 0-0 Be7 8. Qe1 0-0 9. Bxc6 Bxc6 10. d3 b5 11. Ne5 Bb7 12. Nd2 Qb6 13. g4 Rad8 14. g5 Nd7 15. Qh4 f6 16. g6 h6 17. Nf7 Rxf7 18. gxf7+ Kxf7 19. Qh5+ Kg8 20. Rf3 c4 21. Rg3 Kh8 22. Kf2 e5 23. f5 Bf8 24. Rag1 cxd3 25. Qf7 Qa5 26. c3 d4 27. e4 dxc3 28. Rxg7 Qb6+ 29. Kf1 Qxg1+ 30. Rxg1 1-0

[Event "Brazil Foz do Iguacu op"]
[Site "Foz do Iguacu"]
[Date "2018.05.16"]
[Round "1"]
[White "Durante, Taina Seidel"]
[Black "Pina, Ulises"]
[Result "0-1"]
[WhiteElo "1681"]
[BlackElo "2214"]
[PlyCount "106"]
[EventDate "2018.05.16"]
[EventType "swiss"]
[EventRounds "9"]
[EventCountry "BRA"]
[SourceTitle "CBM 184 Extra"]
[Source "ChessBase"]
[SourceDate "2018.06.28"]
[SourceVersion "1"]
[SourceVersionDate "2018.06.28"]
[SourceQuality "1"]

1. e4 e5 2. Nf3 Nc6 3. Bc4 Bc5 4. d3 Nf6 5. 0-0 h6 6. Nc3 0-0 7. Be3 Bxe3 8. fxe3 d6 9. Qe1 Na5 10. Bb3 Nxb3 11. axb3 c6 12. Rd1 Qe7 13. Qg3 Re8 14. Nh4 Nh5 15. Qf3 Nf6 16. Qg3 Nh7 17. Nf5 Bxf5 18. Rxf5 Rad8 19. Rdf1 Rd7 20. Qg4 Qe6 21. d4 exd4 22. exd4 Nf6 23. Qf3 Nxe4 24. Nxe4 Qxe4 25. Rxf7 Rxf7 26. Qxf7+ Kh7 27. Qf5+ Qxf5 28. Rxf5 Kg6 29. Rf1 Re2 30. Rf2 Re1+ 31. Rf1 Rxf1+ 32. Kxf1 Kf5 33. Ke2 Ke4 34. c3 a5 35. Kd2 h5 36. Ke2 h4 37. Kd2 b5 38. Ke2 b4 39. Kd2 h3 40. gxh3 Kf3 41. h4 g6 42. Kd3 d5 43. c4 Kf4 44. h3 Kg3 45. cxd5 cxd5 46. h5 gxh5 47. Ke3 Kh4 48. Ke2 Kxh3 49. Kf3 Kh2 50. Kf2 h4 51. Kf1 Kg3 52. Kg1 Kf3 53. Kh2 Ke3 0-1

[Event "Catarinense-ch (Women)"]
[Site "Concordia"]
[Date "2018.02.25"]
[Round "5"]
[White "Dull, Amanda Paul"]
[Black "Durante, Taina Seidel"]
[Result "1-0"]
[WhiteElo "1859"]
[BlackElo "1698"]
[PlyCount "123"]
[EventDate "2018.02.23"]
[EventType "swiss"]
[EventRounds "6"]
[EventCountry "BRA"]
[SourceTitle "EXT 2019"]
[Source "ChessBase"]
[SourceDate "2018.10.10"]
[SourceVersion "1"]
[SourceVersionDate "2018.10.10"]
[SourceQuality "1"]

1. d4 d5 2. Bf4 e6 3. e3 Bd6 4. Bg3 Nf6 5. Nd2 0-0 6. Bd3 Qe7 7. Ngf3 Nbd7 8. Ne5 Ne8 9. Qh5 f5 10. Bf4 Nef6 11. Qh3 c5 12. c3 c4 13. Bc2 Bxe5 14. dxe5 Ne4 15. Nxe4 dxe4 16. 0-0 b5 17. a4 Qc5 18. Qg3 b4 19. cxb4 Qxb4 20. Ra2 a5 21. f3 exf3 22. Qxf3 Bb7 23. Qg3 Nc5 24. Rd1 Be4 25. Bxe4 Nxe4 26. Qf3 Qb3 27. Rda1 Rad8 28. Ra3 Qxb2 29. R3a2 Qb3 30. g4 Rd2 31. Rxd2 Nxd2 32. Qc6 c3 33. Rc1 Ne4 34. gxf5 exf5 35. e6 Qb2 36. Rf1 Qb4 37. Be5 Qc5 38. Qxc5 Nxc5 39. Bd6 Nxe6 40. Bxf8 Kxf8 41. Rxf5+ Ke7 42. Rf2 Nc5 43. Rf4 c2 44. Rc4 Nxa4 45. Rxc2 Nb6 46. Ra2 a4 47. Kf2 Kd6 48. Ke2 g5 49. Kd3 h5 50. Kd4 g4 51. e4 h4 52. Rg2 g3 53. hxg3 hxg3 54. Rxg3 Nd7 55. Rg5 Kc6 56. Rd5 Nb6 57. Rc5+ Kd7 58. e5 Ke7 59. Rb5 Nd7 60. Kd5 Nf8 61. Ra5 Ne6 62. Ra7+ 1-0

[Event "Catarinense-ch (Women)"]
[Site "Concordia"]
[Date "2018.02.25"]
[Round "6"]
[White "Durante, Taina Seidel"]
[Black "De Jesus Pinto, Aline Cristina"]
[Result "1-0"]
[WhiteElo "1698"]
[BlackElo "1838"]
[PlyCount "89"]
[EventDate "2018.02.23"]
[EventType "swiss"]
[EventRounds "6"]
[EventCountry "BRA"]
[SourceTitle "EXT 2019"]
[Source "ChessBase"]
[SourceDate "2018.10.10"]
[SourceVersion "1"]
[SourceVersionDate "2018.10.10"]
[SourceQuality "1"]

1. e4 e5 2. Nf3 Nc6 3. Bc4 Bc5 4. d3 Nf6 5. 0-0 0-0 6. c3 d6 7. b4 Bb6 8. a4 a6 9. Bg5 h6 10. Bh4 Be6 11. Nbd2 Re8 12. Kh1 Qe7 13. Ng1 Rad8 14. Ne2 d5 15. exd5 Bxd5 16. Qc2 Qe6 17. f3 Rd7 18. Rad1 Ba7 19. Bxf6 Qxf6 20. Ne4 Qg6 21. Bxd5 Rxd5 22. Qb3 Rd7 23. Rfe1 Kh8 24. b5 Na5 25. Qb4 Bb6 26. c4 Rd4 27. Nxd4 Bxd4 28. Qxa5 b6 29. Qd2 f5 30. Nc3 Qf7 31. Nd5 Rd8 32. Nb4 a5 33. Nc6 Re8 34. Nxd4 exd4 35. Rxe8+ Qxe8 36. Re1 Qf7 37. Qe2 Kh7 38. Qe7 Qh5 39. Qxc7 Qg6 40. Qf4 Qf7 41. g4 Qb7 42. Qxf5+ g6 43. Qf6 Qa7 44. Re8 h5 45. Qh8# 1-0

[Event "Catarinense-ch (Women)"]
[Site "Concordia"]
[Date "2018.02.24"]
[Round "4"]
[White "Durante, Taina Seidel"]
[Black "Senger, Maria Clara da Silv"]
[Result "1-0"]
[WhiteElo "1698"]
[BlackElo "1239"]
[PlyCount "141"]
[EventDate "2018.02.23"]
[EventType "swiss"]
[EventRounds "6"]
[EventCountry "BRA"]
[SourceTitle "EXT 2019"]
[Source "ChessBase"]
[SourceDate "2018.10.10"]
[SourceVersion "1"]
[SourceVersionDate "2018.10.10"]
[SourceQuality "1"]

1. e4 e5 2. Nf3 Nc6 3. Bc4 Bc5 4. d3 d6 5. c3 h6 6. b4 Bb6 7. a4 a6 8. 0-0 Nf6 9. Be3 Bxe3 10. fxe3 0-0 11. Qe1 Be6 12. Nbd2 Qe7 13. Nh4 Rab8 14. Nf5 Bxf5 15. Rxf5 b5 16. Bb3 Qd7 17. Qg3 Kh8 18. axb5 axb5 19. Raf1 Ne7 20. R5f3 Ng6 21. Rf5 Ra8 22. h4 Ne7 23. R5f3 Ng6 24. Rf5 Ne7 25. R5f2 Ng6 26. Rf5 Ne7 27. R5f3 Ng6 28. Qh2 Qg4 29. g3 Qd7 30. Qe2 Rab8 31. R3f2 Rb7 32. Rg2 Ng4 33. h5 Ne7 34. Rxf7 Rxf7 35. Bxf7 Rb8 36. Nf1 Rf8 37. Bb3 Nc6 38. Bd5 Nf6 39. g4 Nxd5 40. exd5 Nd8 41. Ng3 Nf7 42. Rf2 Qd8 43. Nf5 Ng5 44. Kg2 Rf6 45. Nh4 Rxf2+ 46. Qxf2 Kg8 47. Ng6 Qf6 48. Qxf6 gxf6 49. Kg3 Kf7 50. Nh4 Kg8 51. Nf5 Kh7 52. e4 Nf7 53. Ne7 Kg7 54. Nc8 Kf8 55. Na7 Ke8 56. Nxb5 Kd7 57. Na7 Nd8 58. Kf3 Ke8 59. Ke3 Kd7 60. b5 Ke8 61. d4 Kf7 62. c4 Ke8 63. c5 Kd7 64. c6+ Ke7 65. b6 cxb6 66. c7 b5 67. c8Q b4 68. Nc6+ Nxc6 69. dxc6 b3 70. Qd7+ Kf8 71. c7 1-0

[Event "Catarinense-ch (Women)"]
[Site "Concordia"]
[Date "2018.02.24"]
[Round "3"]
[White "Melo, Danieli De"]
[Black "Durante, Taina Seidel"]
[Result "1-0"]
[WhiteElo "1621"]
[BlackElo "1698"]
[PlyCount "113"]
[EventDate "2018.02.23"]
[EventType "swiss"]
[EventRounds "6"]
[EventCountry "BRA"]
[SourceTitle "EXT 2019"]
[Source "ChessBase"]
[SourceDate "2018.10.10"]
[SourceVersion "1"]
[SourceVersionDate "2018.10.10"]
[SourceQuality "1"]

1. d4 d5 2. c4 Nc6 3. cxd5 Qxd5 4. Nf3 e5 5. Nc3 Bb4 6. a3 Bxc3+ 7. bxc3 Bg4 8. Nxe5 Nxe5 9. dxe5 Qxe5 10. Qa4+ Bd7 11. Qd4 Qxd4 12. cxd4 Nf6 13. f3 0-0 14. e4 Rfe8 15. Bf4 Nxe4 16. Be5 Nd6 17. Kf2 f6 18. Bxd6 cxd6 19. Bd3 Re7 20. Rhe1 Rae8 21. Rxe7 Rxe7 22. Rb1 Bc6 23. Be4 Bxe4 24. fxe4 Rc7 25. Rb3 Kf7 26. d5 b6 27. Kf3 Rc5 28. g4 g5 29. Ke3 Rc2 30. h3 Ke7 31. Kd3 Rc5 32. Kd4 b5 33. a4 Rc4+ 34. Kd3 Rxa4 35. Rxb5 Ra3+ 36. Kc4 Rxh3 37. Rb7+ Ke8 38. Rxa7 Rh4 39. Kb5 Rxg4 40. Kc6 Rxe4 41. Kxd6 h5 42. Kc6 Re7 43. Rxe7+ Kxe7 44. Kc7 h4 45. d6+ Ke6 46. d7 h3 47. d8Q Ke5 48. Qd6+ Ke4 49. Qxf6 g4 50. Qf2 h2 51. Qxh2 Kf3 52. Qh1+ Kf2 53. Qh2+ Kf3 54. Qg1 Kf4 55. Kd6 g3 56. Qg2 Kg4 57. Ke5 1-0